<?xml version="1.0" encoding="UTF-8"?>
<record
    xmlns:xsi="http://www.w3.org/2001/XMLSchema-instance"
    xsi:schemaLocation="http://www.loc.gov/MARC21/slim http://www.loc.gov/standards/marcxml/schema/MARC21slim.xsd"
    xmlns="http://www.loc.gov/MARC21/slim">

  <leader>00689nam a22001577a 4500</leader>
  <datafield tag="999" ind1=" " ind2=" ">
    <subfield code="c">4875</subfield>
    <subfield code="d">4875</subfield>
  </datafield>
  <controlfield tag="005">20260624181429.0</controlfield>
  <controlfield tag="008">260624b           ||||| |||| 00| 0 eng d</controlfield>
  <datafield tag="040" ind1=" " ind2=" ">
    <subfield code="c">ENA</subfield>
  </datafield>
  <datafield tag="100" ind1=" " ind2=" ">
    <subfield code="a">Alver&#xE1; Delgr&#xE1;s, D. Antonio</subfield>
    <subfield code="d">1815-1868</subfield>
    <subfield code="9">6359</subfield>
  </datafield>
  <datafield tag="245" ind1="1" ind2="0">
    <subfield code="a">Compendio de paleograf&#xED;a espa&#xF1;ola, &#xF3; escuela de leer todas las letras que se han usado en Espa&#xF1;a desde los tiempos m&#xE1;s remotos hasta fines del siglo XVIII ... /</subfield>
    <subfield code="c">por D. Antinio Alver&#xE1; Delgr&#xE1;s</subfield>
    <subfield code="h">[Recurso electr&#xF3;nico]</subfield>
  </datafield>
  <datafield tag="260" ind1=" " ind2=" ">
    <subfield code="a">Madrid:</subfield>
    <subfield code="b">Imprenta de D. Anselmo Santa Coloma,</subfield>
    <subfield code="c">1857</subfield>
  </datafield>
  <datafield tag="300" ind1=" " ind2=" ">
    <subfield code="a">[107] p.</subfield>
  </datafield>
  <datafield tag="650" ind1=" " ind2="0">
    <subfield code="9">548</subfield>
    <subfield code="a">Paleograf&#xED;a</subfield>
  </datafield>
  <datafield tag="856" ind1=" " ind2=" ">
    <subfield code="u">https://archive.org/details/compendiodepaleo00alve/page/n3/mode/2up</subfield>
  </datafield>
  <datafield tag="942" ind1=" " ind2=" ">
    <subfield code="c">RELEC</subfield>
  </datafield>
</record>
